000 00344nam a2200157Ia 4500
003 Ost
005 20260225132551.0
008 260225s9999||||xx |||||||||||||| ||und||
040 _cfsic
041 _afre
082 _a320.951
100 _aTahar oussedik
_eAuteur
245 0 _aLa berbérie /
245 0 _cTahar oussedik
942 _cكتاب
999 _c34171
_d34171